Associe le bon Disney aux paroles - Statistiques

Statistiques générales
  • Ce quiz a été pris 247 fois
  • Le résultat moyen est 11 sur 16
Statistiques - réponses
Paroles Disney et pixar % Correct
"Je nettoie chaque placard jusqu'à sept heures et quart" Raiponce
92%
"Au matin de ta vie sur la planèteÉbloui par le Dieu Soleil" Le roi lion
88%
"Vous êtes plus fragiles que des fillettes" Mulan
86%
"Mélangez tout ça, et vous aurez quoi ?" Cendrillon
82%
"Rien ne se ressembleRien n'est plus pareil" La belle et la bête
78%
"Chips, chips personnel" La reine des neiges
77%
"Les vagues sont un vrai régalLà-haut, ils s'écaillent et ils flippent" La petite sirène
75%
"À jouer du jazzOn devient vite un acrobate" Les aristochats
75%
"Quand il a fait froid, qui est allé vous chercher du feu?" Vaiana
72%
"Reprenez un peu de baklava" Aladdin
68%
"On pioche tic tac, tic tac, tic tacDu matin jusqu'au soir" Blanche neige et les sept nains
65%
"Je chante en secret chaque soirPour que tu n'aies plus peur" Coco
46%
"En vadrouille, loin, très loin de ton lit douillet" Toy story
44%
"Car rien n'est gratuit dans la vie" Ratatouille
43%
"Il est né et fait pour régner, plus cool on n' peut pas trouverDans toute l'histoire de l'aristocratie " Kuzco
38%
"S'il te le dit, c'est que tel était ton sort" Encanto
33%
Aucun quiz correspondant
Distribution des résultats
% des personnes avec chaque résultat
Percentile par nombre de réponses
Votre historique - résultats
Vous n’avez pas pris ce quiz